Quiz o Szwajcarii - Statystyki

Ogólne statystyki
  • Ten quiz został rozwiązany 89 razy
    83 od ostatniego zresetowania
  • Średni wynik to 11 z 15
Statystyki odpowiedzi
Wskazówka Odpowiedź % Poprawnych
Stolica (nieoficjalna) Berno
98%
Język urzędowy Francuski | Niemiecki | Retoromański | Włoski
98%
Waluta Frank szwajcarski
98%
Pasmo górskie, w którym jest położona Alpy
89%
Liczba ludności w milionach (ok.) 9 mln
85%
Największe miasto Zurych
85%
Urządzenie pokazujące czas, z których produkcji słynie Szwajcaria Zegarek
82%
Wyrób mleczny, który w tradycji szwajcarskiej posiada bardzo dużo dziur Ser szwajcarski
69%
Jezioro położone na granicy szwajcarsko-niemieckiej Jezioro Bodeńskie
65%
Największy partner handlowy (nie jest to państwo, a międzynarodowy sojusz) Unia Europejska
60%
Np. CSG (Credit Suisse Group) czy UBS Banki
53%
Państwo, które nie bierze udziału w wojnach i nie należy do żadnych sojuszy militarnych; jest nim np. Szwajcaria, Irlandia czy Kostaryka - państwo _________ Neutralne
52%
Marka czekolady ukształowanej w słynne "trójkąciki" (na literę T) Toblerone
52%
Flaga Szwajcarii jest kwadratowa, tak jak flaga jakiego innego państwa? Watykanu
52%
Najpopularniejsza czekolada na świecie produkowana właśnie w Szwajcarii Lindt
37%
Nie znaleziono quizów pasujących do podanych kryteriów
Rozkład punktacji
Procent ludzi z każdym wynikiem
Percentyl według liczby udzielonych odpowiedzi
Twoja historia wyników
Nie rozwiązałeś tego quizu od ostatniego zresetowania